Una casa de palabras : (Record no. 193266)
[ view plain ]
| 000 -LEADER | |
|---|---|
| campo de control de longitud fija | 02112nam a2200433 i 4500 |
| 001 - NÚMERO DE CONTROL | |
| campo de control | 193266 |
| 003 - IDENTIFICADOR DE NÚMERO DE CONTROL | |
| campo de control | SpMaBN |
| 005 - FECHA Y HORA DE LA ÚLTIMA TRANSACCIÓN | |
| campo de control | 20250712063136.0 |
| 007 - CAMPO FIJO DE DESCRIPCIÓN FÍSICA--INFORMACIÓN GENERAL | |
| campo de control de longitud fija | ta |
| 008 - DATOS DE LONGITUD FIJA--INFORMACIÓN GENERAL | |
| campo de control de longitud fija | 130605s2013 mx | |||| 001 0 spa |
| 017 ## - NÚMERO DE COPYRIGHT O DE DEPÓSITO LEGAL | |
| Número de copyright o de depósito legal | B 5136-2013 |
| Agencia que asigna | Oficina Depósito Legal Barcelona |
| Número de copyright o de depósito legal cancelado/o inválido | B 5136-LVI |
| 020 ## - NÚMERO INTERNACIONAL ESTÁNDAR DEL LIBRO | |
| Número Internacional Estándar del Libro | 9786074007572 |
| 035 ## - NÚMERO DE CONTROL DEL SISTEMA | |
| Número de control de sistema | (OCoLC)841014285 |
| 035 ## - NÚMERO DE CONTROL DEL SISTEMA | |
| Número de control de sistema | a5360558 |
| 040 ## - FUENTE DE CATALOGACIÓN | |
| Centro catalogador/agencia de origen | SpMaBN |
| Lengua de catalogación | spa |
| Centro/agencia transcriptor | SpMaBN |
| Normas de descripción | rdc |
| 044 ## - CÓDIGO DEL PAÍS DE LA ENTIDAD EDITORA/PRODUCTORA | |
| Código MARC del país | mx |
| -- | sp |
| 080 ## - NÚMERO DE LA CLASIFICACIÓN DECIMAL UNIVERSAL | |
| Número de la Clasificación Decimal Universal | 82-34.09 |
| 100 1# - ENTRADA PRINCIPAL--NOMBRE DE PERSONA | |
| Nombre de persona | Martín Garzo, Gustavo, |
| Fechas asociadas al nombre | 1948- |
| Número de control del registro de autoridad o número normalizado | XX859249 |
| 9 (RLIN) | 234309 |
| Término indicativo de función/relación | Autor |
| 245 14 - MENCIÓN DEL TÍTULO | |
| Título | Una casa de palabras : |
| Resto del título | en torno a los cuentos maravillosos / |
| Mención de responsabilidad, etc. | Gustavo Martín Garzo |
| 250 ## - MENCION DE EDICION | |
| Mención de edición | Primera edición 2013 |
| 260 ## - PUBLICACIÓN, DISTRIBUCIÓN, ETC. | |
| Lugar de publicación, distribución, etc. | México D.F. : |
| Nombre del editor, distribuidor, etc. | Océano Travesía, |
| Fecha de publicación, distribución, etc. | 2013 |
| Lugar de fabricación/manufactura | (impreso en España) |
| 300 ## - DESCRIPCIÓN FÍSICA | |
| Extensión | 239 páginas ; |
| Dimensiones | 22 cm |
| 336 ## - TIPO DE CONTENIDO | |
| Término de tipo de contenido | Texto (visual) |
| Fuente | isbdcontent |
| 337 ## - TIPO DE MEDIO | |
| Nombre/término del tipo de medio | sin mediación |
| Fuente | isbdmedia |
| 338 ## - TIPO DE SOPORTE | |
| Fuente | rdacarrier |
| Nombre/término del tipo de soporte | volumen |
| 490 1# - MENCIÓN DE SERIE | |
| Mención de serie | Ágora |
| 500 ## - NOTA GENERAL | |
| Nota general | Índice onomástico |
| 520 ## - RESUMEN, ETC. | |
| Sumario, etc. | Los cuentos maravillosos provienen de la noche de los tiempos. Pasan de una generación a otra y se mantienen tan sugerentes y nuevos como en sus orígenes. Son casas de palabras, refugios frente a las angustias y el dolor. Crean un lugar para vivir, al tiempo que permiten habitar el mundo. Una casa de palabras es una intensa y singular meditación acerca de ellos.<br/><br/>Una obra de feroz actualidad justamente por ir a contracorriente de la cultura prevaleciente en nuestro tiempo. |
| 650 #7 - PUNTO DE ACCESO ADICIONAL DE MATERIA--TÉRMINO DE MATERIA | |
| Término de materia o nombre geográfico como elemento de entrada | Cuento infantil- |
| Subdivisión general | Historia y crítica |
| Fuente del encabezamiento o término | embne |
| 9 (RLIN) | 234397 |
| 830 ## - PUNTO DE ACCESO ADICIONAL DE SERIE-TÍTULO UNIFORME | |
| Título uniforme | Colección Ágora |
| 9 (RLIN) | 180771 |
| 852 ## - LOCALIZACIÓN | |
| Ubicación | ES-MaACL |
| Sublocalización o colección | R. 154668 |
| Ubicación en estantería | Depósito J |
| itemnumber | 200697 |
| Encuadernación | Encuadernación rústica con solapas |
| Anotaciones manuscritas | Dedicatoria autógrafa del autor |
| Donativo/Legado | Donación: Gustavo Martín Garzo |
| Número de control de estantería | N-9439 |
| 901 ## - NOMBRE PERSONAL DE POSESOR | |
| a | MON1306 |
| 903 ## - NOMBRE PERSONAL DE DONANTE | |
| 9 | 234309 |
| a | Martín Garzo, Gustavo, |
| d | 1948- |
| e | Donante |
| 942 ## - ELEMENTOS DE ENTRADA SECUNDARIOS (KOHA) | |
| Suprimir en OPAC | No |
| Tipo de ítem Koha | Libro impreso |
| Estatus retirado | Estado de pérdida | Fuente del sistema de clasificación o colocación | Estado de daño | No para préstamo | Colección | Biblioteca de origen | Biblioteca actual | Ubicación en estantería | Fecha de adquisición | Fuente de adquisición | Total de préstamos | Signatura topográfica completa | Código de barras | Visto por última vez | Tipo de ítem Koha | Nota pública |
|---|---|---|---|---|---|---|---|---|---|---|---|---|---|---|---|---|
| Clasificación decimal universal | Libros con dedicatorias | Biblioteca del Ateneo de Madrid | Biblioteca del Ateneo de Madrid | Depósito J | 25/10/2023 | Donación | N-9439 | 101205985 | 25/10/2023 | Libro impreso | Dedicatoria autógrafa del autor |
